Camille Pissarro
I tiakina i:
| Kaituhi matua: | |
|---|---|
| Hōputu: | Pukapuka |
| Reo: | Pāniora |
| I whakaputaina: |
Buenos Aires
Codex
1965
|
| Rangatū: | Pinacoteca de los Genios, 67
|
| Ngā marau: | |
| Ngā Tūtohu: |
Tāpirihia he Tūtohu
Kāore He Tūtohu, Me noho koe te mea tuatahi ki te tūtohu i tēnei pūkete!
|
MARC
| LEADER | 00000nam a2200000 a 4500 | ||
|---|---|---|---|
| 001 | UCM1848 | ||
| 003 | CL-VaPUC | ||
| 008 | 020412e19650000AG |||||||||||||||||spa|d | ||
| 082 | 0 | 4 | |a 759.05 |b MAL |2 21 |
| 100 | |a Malvano, Laura |e autora |9 573255 | ||
| 245 | 1 | 0 | |a Camille Pissarro |
| 300 | |a 16 p | ||
| 942 | |c BK | ||
| 945 | |d 20020412 00:00:00 |a cmena | ||
| 260 | |a Buenos Aires |b Codex |c 1965 | ||
| 500 | |a Incluye: El juicio del siglo XX | ||
| 600 | 0 | 7 | |a PISSARRO, CAMILLE |2 CL-VaPUC |9 468777 |
| 650 | 7 | |a PINTURA IMPRESIONISTA |2 CL-VaPUC |9 468778 | |
| 650 | 0 | |a Obras ilustradas |9 265022 | |
| 651 | 0 | |a Francia |9 255157 | |
| 583 | |a last modification |c 20020412 00:00:00 |k Rodrigo Vera | ||
| 490 | 0 | |a Pinacoteca de los Genios, 67 | |
| 999 | |c 300077 |d 300075 | ||
| 952 | |0 0 |1 0 |2 ddc |4 0 |6 759_050000000000000_MAL_1965 |7 0 |8 A |9 357363 |a BIBART |b BIBART |d 2019-11-21 |i 3807495 |o 759.05 MAL 1965 |p 3807495 |r 2025-03-13 |w 2019-11-21 |y BK |k ART | ||